书目信息 |
| 题名: |
县(市)图书馆工作
|
|
| 作者: | 武汉大学图书馆学系 ;武汉大学图书馆学系七三年级工农兵学员 编 | |
| 分册: | ||
| 出版信息: | 1976 |
|
| 页数: | 137页 | |
| 开本: | 20cm | |
| 丛书名: | ||
| 单 册: | ||
| 中图分类: | G25 | |
| 科图分类: | ||
| 主题词: | 图书馆学 , 图书馆事业 | |
| 电子资源: | ||
| ISBN: | ||
| 000 | 00781nam0 2200193 450 | |
| 001 | 0639104062 | |
| 005 | 20060817105255.37 | |
| 100 | @a20060817d1976 km y0chiy0120 ea | |
| 101 | 0 | @achi |
| 200 | 1 | @a县(市)图书馆工作@Axian(shi)tu shu guan gong zuo@f武汉大学图书馆学系@Fwu han da xue tu shu guan xue xi@g武汉大学图书馆学系七三年级工农兵学员编@Gwu han da xue tu shu guan xue xi qi san nian ji gong nong bing xue yuan bian |
| 210 | @d1976 | |
| 215 | @a137页@d20cm | |
| 606 | 0 | @a图书馆学 |
| 606 | 0 | @a图书馆事业 |
| 690 | @aG25@v3 | |
| 701 | 0 | @a武汉大学图书馆学系@Awu han da xue tu shu guan xue xi |
| 702 | 0 | @a武汉大学图书馆学系七三年级工农兵学员@Awu han da xue tu shu guan xue xi qi san nian ji gong nong bing xue yuan@4编 |
| 801 | 0 | @aCN@bPFT@c20060817 |
| 905 | @a10447@dG25@e107 | |
| 县(市)图书馆工作/武汉大学图书馆学系/武汉大学图书馆学系七三年级工农兵学员编.-1976 |
| 137页;20cm |
| ISBN : |
| ● |
| 相关链接 |
|
|
|
|
正题名:县(市)图书馆工作
索取号:G25/107
 
预约/预借
| 序号 | 登录号 | 条形码 | 馆藏地/架位号 | 状态 | 备注 |
| 1 | 0465334 | 204653348 | 密集书库/ [索取号:G25/107] | 在馆 |